| 000 | 00425 a2200157 4500 | ||
|---|---|---|---|
| 003 | Nust | ||
| 005 | 20170207171856.0 | ||
| 040 | _cNust | ||
| 082 | _a005.1 | ||
| 100 | _aAhmed, Naveed BESE-18 | ||
| 245 |
_aDon't Rush-It's Jam There _cNaveed Ahmed, Muhammad Azeem Qamar, Kamran Riaz, Muhammad Sibghat Ullah Tariq |
||
| 260 |
_aMCS, NUST _bRawalpindi _cMay 2016 |
||
| 300 | _a67 p | ||
| 650 | _aUG Projects | ||
| 651 | _aUG CSE Project | ||
| 942 | _cPRG | ||
| 999 |
_c219398 _d219398 |
||